Maple V flight manual : tutorials for calculus, linear algebra, and differential equations

Αποθηκεύτηκε σε:
Λεπτομέρειες βιβλιογραφικής εγγραφής
Άλλοι συγγραφείς: Ellis, Wade
Μορφή: Βιβλίο
Γλώσσα:English
Δημοσίευση: California : Brooks/Cole Publishing Company, 1992.
Θέματα:
Ετικέτες: Προσθήκη ετικέτας
Δεν υπάρχουν, Καταχωρήστε ετικέτα πρώτοι!

MARC

LEADER 00000cam a2200000 i 4500
001 1/41642
008 950228s1992 cau| ||| |||| ||eng||
020 |a 0534212352 
035 |a 1995  |c Χατζησάββας  |l 10041561 
040 |a GR-MyUa  |b gre  |e AACR2 
041 0 |a eng 
082 7 |a 510.28553   |2 (22) 
245 0 0 |a Maple V flight manual :   |b tutorials for calculus, linear algebra, and differential equations /   |c Wade Ellis...[et al.].  
260 |a California :   |b Brooks/Cole Publishing Company,   |c 1992.  
300 |a xxi, 185 σ. ;   |c 24 εκ. 
500 |a Περιλαμβάνει ευρετήριο. 
630 0 0 |a Maple (Computer file) 
650 0 |a Mathematics  |x Data processing. 
700 1 |a Ellis, Wade. 
852 |a INST  |b SAMOS  |e 19950228  |h 510.28553 MAP  |p 005300006332  |q 005300006332  |t BK  |y 0